Mystery License Plate #3 - Statistics

General Stats
  • This quiz has been taken 19 times
  • The average score is 9 of 12
Answers on the Map
Answers color-coded by a green-red scale on the quiz's map according to % correct below.
 
Answer Stats
Question Answer % Correct
Who is the first president to live in the White House John Adams
93%
Who did the U.S.A fight against in the war of 1812 U.K
93%
Which President coined the term "White House" Theodore Roosevelt
80%
Who established the first national bank? Alexander Hamilton
73%
Which Japanese tree was given to the U.S as a gift in 1912 Cherry Blossoms
73%
Who composed "Mood Indigo" Duke Ellington
73%
Which Architect was responsible for designing the White House James Hoban
73%
Who popularized the idea of No taxation without Representation James Otis Jr
73%
Who was the secertary of state during the Eisenhower administration John Foster Dulles
73%
Which NBA player is nicknamed "the slim reaper" Kevin Durant
73%
What is the largest library in the world Library of Congress
73%
The sister river to the Arakawa is the Potomac
73%
No matching quizzes found
Score Distribution
Percent of People with Each Score
Percentile by Number Answered
Your Score History
You have not taken this quiz